| 000 | 00319nam a22001217a 4500 | ||
|---|---|---|---|
| 082 |
_a425 _bBHA/M |
||
| 100 | _aD.P.BHANOT, SHELLY SANGAR | ||
| 245 |
_aGUIDE TO COMMUNICATIVE ENGLISH _bFOR CLASS IX |
||
| 260 |
_aDELHI _bMALHOTRA BOOK DEPOT _c2012 |
||
| 300 | _a860 | ||
| 650 |
_aENGLISH GUIDE FOR CLASS IX _zINDIA |
||
| 942 | _cBK | ||
| 999 |
_c841 _d841 |
||